[Event "10th Smith & Williamson YM"]
[Site "Witley ENG"]
[Date "2000.07.19"]
[Round "6"]
[White "D'Costa,L"]
[Black "Mahesh Chandran,P"]
[Result "0-1"]
[WhiteElo "2157"]
[BlackElo "2238"]

1.d4 Nf6 2.c4 e6 3.Nf3 b6 4.a3 Ba6 5.Qc2 Bb7 6.Nc3 c5 7.e4 cxd4 8.Nxd4 Nc6
9.Nxc6 Bxc6 10.Bf4 Bc5 11.O-O-O a5 12.Bd6 Bxd6 13.Rxd6 O-O 14.Rd2 Qb8 15.g3 Rc8
16.Bd3 d5 17.exd5 exd5 18.cxd5 Bxd5 19.Bxh7+ Kh8 20.Re1 b5 21.Bf5 Rc7 22.Re5 b4
23.Rdxd5 Nxd5 24.Rxd5 bxc3 25.bxc3 Qf8 26.Kb2 g6 27.Bd3 Qg7 28.Rd4 Rb8+ 29.Ka2 Rbc8
30.Rh4+ Kg8 31.c4 Rb8 32.Re4 Rcb7 33.Re2 Qd4 34.Bxg6 Rb2+ 35.Qxb2 Rxb2+ 36.Rxb2 Qxc4+
37.Ka1 fxg6 38.h4 Kg7 39.Rb7+ Kf6 40.Rb2 Kf5 41.Kb1 Qc3 42.Ka2 Kg4 43.Rb1 Qc4+
44.Ka1 Kf3 45.Rb2 Qc3 46.Ka2 Kg2 47.Rb3 Qc4 48.Kb2 Kxf2 49.Rc3 Qxc3+ 50.Kxc3 Kxg3
51.Kd2 Kxh4 52.Ke2 g5 53.Kf2 Kh3 54.Kg1 g4 55.a4 Kg3  0-1

[Event "Open"]
[Site "Bergen NOR"]
[Date "2000.07.26"]
[Round "6"]
[White "Tallaksen,G"]
[Black "Tiviakov,S"]
[Result "0-1"]
[WhiteElo "2221"]
[BlackElo "2608"]

1.d4 Nf6 2.c4 e6 3.Nf3 b6 4.a3 Bb7 5.Nc3 d5 6.Qc2 dxc4 7.e4 c5 8.d5 exd5
9.exd5 Bd6 10.Bxc4 O-O 11.O-O a6 12.Bg5 Nbd7 13.Rfe1 h6 14.Bh4 b5 15.Ba2 Qc7
16.Ne4 Nxe4 17.Rxe4 c4 18.Rd1 Nc5 19.Re2 Rfe8 20.Bb1 Nd3 21.Ne1 Rxe2 22.Qxe2 Nf4
23.Qe4 Ng6 24.Nf3 Kf8 25.Bg3 Re8 26.Qg4 Nf4 27.Nd4 Qe7 28.h3 h5 29.Qf5 g6
30.Qc2 Bxd5 31.Qc3 Kg8 32.f3 Nxh3+ 33.Kh2 Nf2 34.Nf5 gxf5 35.Rxd5 Qh4+ 36.Kg1 Bxg3  0-1

[Event "MTO Open"]
[Site "Biel SUI"]
[Date "2000.07.26"]
[Round "3"]
[White "Bagirov,R"]
[Black "Mateo,Ra"]
[Result "1-0"]
[WhiteElo "2471"]
[BlackElo "2371"]

1.d4 Nf6 2.c4 e6 3.Nf3 b6 4.a3 Ba6 5.Qc2 b5 6.cxb5 Bxb5 7.Nc3 Ba6 8.g3 Be7
9.Bg2 d5 10.O-O O-O 11.Bf4 Nbd7 12.Rfd1 Bd6 13.Bg5 h6 14.Bxf6 Nxf6 15.b4 Qe8
16.Nd2 c6 17.Nb3 e5 18.dxe5 Bxe5 19.Rac1 h5 20.Na4 h4 21.Nac5 Bc8 22.Nd3 hxg3
23.hxg3 Bd7 24.Nbc5 Bf5 25.Qd2 Bc7 26.Qg5 Bh7 27.Nb3 Bb6 28.e3 Be4 29.Qe5 Qd7
30.Ndc5 Qg4 31.Nxe4 dxe4 32.Nc5 Qe2 33.Re1 Qxf2+ 34.Kxf2 Ng4+ 35.Ke2 Nxe5
36.Bxe4 a5 37.b5 f5 38.Bxc6 Nxc6 39.bxc6 Rfe8 40.Kf3 Rac8 41.Nd7 Ba7 42.e4 Re6
43.exf5 Rxe1 44.Rxe1 Rxc6 45.Re8+ Kf7 46.Ne5+ Kxe8 47.Nxc6 Bb6 48.a4 Kd7
49.Ne5+ Ke7 50.g4 Bc7 51.Ke4 Kf6 52.Nf3 Bg3 53.g5+ Ke7 54.Ne5 Be1 55.Nc4 Kf7
56.Kd5 Ke7 57.Nd6 Bb4 58.Ne4 Ba3 59.f6+ Kf7 60.Ke5 Bb2+ 61.Kf5 g6+ 62.Kf4 Ke6
63.Nc5+ Kf7 64.Nd3  1-0

[Event "MTO Open"]
[Site "Biel SUI"]
[Date "2000.07.28"]
[Round "5"]
[White "Bagirov,R"]
[Black "Ravi,T"]
[Result "1-0"]
[WhiteElo "2471"]
[BlackElo "2385"]

1.d4 Nf6 2.c4 e6 3.Nf3 b6 4.a3 Bb7 5.Nc3 d5 6.Bg5 Be7 7.Qc2 Nbd7 8.cxd5 exd5
9.e3 O-O 10.Bd3 Re8 11.O-O h6 12.Bxf6 Nxf6 13.Ne5 a6 14.f4 Bd6 15.Qf2 Ne4
16.Nxe4 dxe4 17.Bc4 Bxe5 18.fxe5 Bd5 19.Rac1 Ra7 20.Qc2 c5 21.Bxd5 Qxd5 22.dxc5 Rc8
23.Rfd1 Qxc5 24.Qd2 Qf8 25.Qd4 Rxc1 26.Rxc1 Qb8 27.Rc6 Re7 28.Qd6 Rb7 29.Qd4 Re7
30.Rxb6 Qc7 31.h3 Rxe5 32.Rxa6 Rf5 33.Rd6 Qc1+ 34.Kh2 Rf1 35.Qxe4 Rh1+ 36.Kg3 Qe1+
37.Kg4 g6 38.Rf6 Kg7 39.Qe5 Rg1 40.Rf1+  1-0

[Event "KB Czech Open"]
[Site "Pardubice CZE"]
[Date "2000.07.29"]
[Round "9"]
[White "Soln,P"]
[Black "Pushkov,N"]
[Result "0-1"]
[WhiteElo "2413"]
[BlackElo "2546"]

1.d4 Nf6 2.c4 e6 3.Nf3 b6 4.a3 Bb7 5.Nc3 d5 6.cxd5 Nxd5 7.Bd2 Be7 8.Qc2 O-O
9.e4 Nxc3 10.Bxc3 c5 11.dxc5 bxc5 12.Rd1 Qb6 13.Ne5 Bf6 14.Nc4 Bxc3+ 15.Qxc3 Qc7
16.Nd6 Rd8 17.e5 Bd5 18.b4 Nd7 19.f4 Qb6 20.b5 a6 21.bxa6 c4 22.Nxc4 Bxc4
23.Qxc4 Rac8 24.Rxd7 Rxc4 25.Rxd8+ Qxd8 26.Bxc4 Qd4 27.Be2 Qxf4 28.Rf1 Qxe5
29.Rf3 g5 30.Rb3 Qxh2 31.Rb7 Qxg2 32.Rd7 Kg7 33.a7 Kg6 34.Bf1 Qf3 35.Be2 Qxa3
36.Kf2 Qa4 37.Bf3 Qxd7 38.a8=Q Qd4+ 39.Kg2 Kg7 40.Qb7 g4 41.Bc6 h5 42.Be8 Qf4
43.Qb2+ e5 44.Qd2 h4  0-1

[Event "HZ Open"]
[Site "Vlissingen NED"]
[Date "2000.07.30"]
[Round "3"]
[White "Delemarre,J"]
[Black "Psakhis,L"]
[Result "1/2-1/2"]
[WhiteElo "2347"]
[BlackElo "2611"]

1.d4 Nf6 2.c4 e6 3.Nf3 b6 4.a3 Bb7 5.Nc3 d5 6.Bg5 Be7 7.Qa4+ Qd7 8.Qxd7+ Nbxd7
9.Nb5 O-O 10.cxd5 Nxd5 11.Bxe7 Nxe7 12.Nxc7 Rac8 13.Nb5 Rc2 14.Rb1 Be4 15.Ng5 Nf6
16.f3 Bd5 17.Nc3 Bc4 18.Nge4 Nfd5 19.Nd1 Nf5 20.Nd2 Nfe3 21.Nxc4 Nxc4 22.e4 Nde3
23.b3 Nxd1 24.Rxd1 Nd6 25.Rd2 Rc1+ 26.Rd1 Rc2 27.Rd2  1/2-1/2

[Event "MTO Open"]
[Site "Biel SUI"]
[Date "2000.08.02"]
[Round "9"]
[White "Pelletier,Y"]
[Black "Huzman,A"]
[Result "0-1"]
[WhiteElo "2474"]
[BlackElo "2574"]

1.d4 Nf6 2.c4 e6 3.Nf3 b6 4.a3 Bb7 5.Nc3 d5 6.cxd5 Nxd5 7.e3 g6 8.Bb5+ c6
9.Ba4 Bg7 10.O-O O-O 11.e4 Nxc3 12.bxc3 c5 13.Re1 Nc6 14.Bg5 Qd6 15.e5 Qc7
16.h4 h6 17.Be3 Ne7 18.h5 Nf5 19.Bb3 g5 20.Qe2 Rfd8 21.Red1 Rac8 22.Rac1 Qe7
23.Bc2 cxd4 24.cxd4 Bd5 25.a4 Rc6 26.Bd3 Rdc8 27.Rxc6 Rxc6 28.Bb5 Rc3 29.Ne1 Qa3
30.Rd3 Rxd3 31.Qxd3 Qa1 32.Qd2 Bb3 33.Qb4 Qd1 34.a5 Bf8 35.Qc3 bxa5 36.Qxa5 Nxd4
37.Bf1 Nc2 38.Nxc2 Bxc2 39.Qa6 Kg7 40.Bxa7 Qxh5 41.Qe2 Qg6 42.g4 Bb3 43.f3 Qb1
44.Kf2 Bd5 45.Bd4 Bb4 46.Qe3 Qd1 47.Bd3 Qh1 48.Be4 Qh2+ 49.Kf1 Bd2 50.Qd3 Qh1+
51.Bg1 Bc4 52.Qxc4 Be3 53.Ke2 Qxg1 54.Qc3 Bd4 55.Qe1 Qh2+ 56.Kd3 Bxe5 57.Qa5 Qb2
58.Qc5 Qa1 59.Ke2 Bd4 60.Qc6 Qg1 61.Kd2 Be5 62.Ke2 h5 63.gxh5 Qh2+ 64.Kd3 Qxh5
65.Qb7 Qh1 66.Qc6 Qd1+ 67.Kc4 Qd4+ 68.Kb5 Qb2+ 69.Ka4 Bd4 70.Qb7 Qc1 71.Kb3 Qc3+
72.Ka4 Kf6 73.Qb4 Qa1+ 74.Kb3 Kg7 75.Qb7 Be5 76.Qc6 Qe1 77.Kc4 Qd2 78.Kb3 f5
79.Bc2 Kf6 80.Ka4 Qd4+ 81.Kb3 Qd8 82.Ka4 Qd4+ 83.Kb3 g4 84.fxg4 Qxg4 85.Qa8 Qg3+
86.Ka2 Qc3 87.Qd8+ Kg6 88.Qg8+ Kh5 89.Bd1+ Kh4 90.Qd8+ Bf6  0-1

[Event "ch-GBR"]
[Site "Millfield ENG"]
[Date "2000.08.04"]
[Round "5"]
[White "Gormally,D"]
[Black "Hunt,H"]
[Result "1/2-1/2"]
[WhiteElo "2499"]
[BlackElo "2454"]

1.d4 Nf6 2.Nf3 e6 3.c4 b6 4.a3 Ba6 5.Qc2 Bb7 6.Nc3 c5 7.e4 cxd4 8.Nxd4 Nc6
9.Nxc6 Bxc6 10.Bg5 Qc7 11.Bd3 Bc5 12.Bh4 Nh5 13.f3 Nf4 14.Bg3 Be3 15.Bf1 O-O
16.Bf2 Bxf2+ 17.Qxf2 f5 18.exf5 Qe5+ 19.Kd2 Qxf5 20.Rd1 Rac8 21.Kc1 e5 22.Qc2 Qxc2+
23.Kxc2 Ne6 24.Re1 d6 25.Bd3 Rf4 26.Ne2 Rf6 27.Nc3 Rf4 28.Ne2 Nd4+ 29.Kd2 Nxe2
30.Rxe2 Rd4 31.Ke3 Ba4 32.Bf5 Rc7 33.Rd2 Rxd2 34.Kxd2 Kf7 35.Rc1 Bb3 36.Rc3 Ba4
37.Rd3 g6 38.Be4 Ke7 39.b3 Bd7 40.a4 a5 41.Ke3 Bf5 42.f4 Rc5 43.Rd2  1/2-1/2

[Event "Scandic Hotels GM"]
[Site "Stockholm SWE"]
[Date "2000.08.06"]
[Round "9"]
[White "Bator,R"]
[Black "Akesson,R"]
[Result "1-0"]
[WhiteElo "2430"]
[BlackElo "2486"]

1.d4 Nf6 2.Nf3 e6 3.c4 b6 4.a3 Bb7 5.Nc3 d5 6.cxd5 Nxd5 7.Bd2 c5 8.e4 Nxc3
9.Bxc3 cxd4 10.Nxd4 Nd7 11.Nxe6 fxe6 12.Qh5+ g6 13.Qh3 e5 14.Bb5 a6 15.Bxe5 axb5
16.Bxh8 Nc5 17.Rd1 Qe7 18.O-O h5 19.b4 Ne6 20.Qd3 Bc6 21.Qc3 Bb7 22.Qe5 Nc7
23.Qg3 Kf7 24.Rd3 Bxe4 25.Re1 Kg8 26.Bb2 Rd8 27.Rxd8 Qxd8 28.Qe5  1-0

[Event "TCh-ESP"]
[Site "Barcelona ESP"]
[Date "2000.08.11"]
[Round "7"]
[White "Moreno,J"]
[Black "Cano Sanchez,J"]
[Result "1/2-1/2"]
[WhiteElo "2515"]
[BlackElo "2361"]

1.d4 Nf6 2.Nf3 e6 3.c4 b6 4.a3 Bb7 5.Nc3 d5 6.cxd5 Nxd5 7.Qc2 Be7 8.e4 Nxc3
9.bxc3 O-O 10.Bd3 c5 11.O-O Qc8 12.Qe2 cxd4 13.cxd4 Ba6 14.d5 exd5 15.exd5 Bf6
16.Rb1 Rd8 17.Bg5 Bxd3 18.Qxd3 Nd7 19.Rfd1 Bxg5  1/2-1/2

[Event "101st US Open"]
[Site "Saint Paul USA"]
[Date "2000.08.11"]
[Round "7"]
[White "Rensch,D"]
[Black "Mulyar,M"]
[Result "0-1"]
[WhiteElo "2153"]
[BlackElo "2445"]

1.d4 Nf6 2.c4 e6 3.Nf3 b6 4.a3 Bb7 5.Nc3 d5 6.e3 Nbd7 7.Be2 Be7 8.O-O O-O
9.b3 c5 10.Bb2 Rc8 11.Rc1 cxd4 12.Nxd4 dxc4 13.Bxc4 a6 14.Be2 Rc7 15.Bf3 Qa8
16.Bxb7 Qxb7 17.Nce2 Rfc8 18.Rxc7 Rxc7 19.Qa1 Ne5 20.b4 Nd3 21.Rd1 Nxf2 22.Kxf2 Ng4+
23.Ke1 Qxg2 24.Rd3 e5 25.Nb3 Rc2 26.Nd2 Bh4+ 27.Kd1 Rc8 28.Rc3 Rxc3 29.Bxc3 Nxe3+
30.Kc1 Qxe2 31.Qb1 Be1 32.Qe4 Bxd2+ 33.Kb1 Qd1+ 34.Ka2 Qc2+ 35.Qxc2 Nxc2
36.Bxd2 b5 37.Kb2 Nd4 38.Kc3 f5 39.Kd3 Kf7 40.Be3 Nc6  0-1

[Event "Paul Keres mem"]
[Site "Tallinn EST"]
[Date "2000.08.19"]
[Round "6"]
[White "Gavrikov,Vi"]
[Black "Yemelin,V"]
[Result "1/2-1/2"]
[WhiteElo "2549"]
[BlackElo "2510"]

1.Nf3 Nf6 2.d4 e6 3.c4 b6 4.a3 Ba6 5.Qc2 Bb7 6.Nc3 c5 7.dxc5 bxc5 8.Bf4 Nh5
9.Bg5 Be7 10.Bxe7 Qxe7 11.e3 O-O 12.Be2 Nf6 13.O-O d6 14.Rfd1 Rd8 15.Rd2 Nbd7
16.Rad1  1/2-1/2

[Event "Summer Open"]
[Site "Toronto CAN"]
[Date "2000.08.19"]
[Round "6"]
[White "Spraggett,K"]
[Black "Rozentalis,E"]
[Result "0-1"]
[WhiteElo "2501"]
[BlackElo "2570"]

1.d4 Nf6 2.c4 e6 3.Nf3 b6 4.a3 d5 5.cxd5 exd5 6.Nc3 Bb7 7.Bg5 Be7 8.Qa4+ c6
9.Bxf6 Bxf6 10.g3 O-O 11.Bg2 Re8 12.O-O Na6 13.Rad1 c5 14.e3 Nc7 15.Rd2 c4
16.Qc2 Qe7 17.h4 b5 18.Nh2 g6 19.h5 Bg7 20.hxg6 hxg6 21.Ng4 a5 22.f4 b4 23.Na4 bxa3
24.bxa3 Qxa3 25.f5 gxf5 26.Qxf5 Qe7 27.Nb6 Ra6 28.Nxd5 Nxd5 29.Bxd5 Bxd5
30.Qxd5 Rg6 31.Rf4 c3 32.Rdf2 Qe6 33.Qf3 Rd8 34.Kg2 Qd5 35.Qxd5 Rxd5 36.Rc2 Rb5
37.Rff2 a4 38.Kf3 a3 39.Ra2 Rb2 40.Ra1 c2  0-1

[Event "Penta Media GM"]
[Site "Kelamabakkam IND"]
[Date "2000.08.20"]
[Round "7"]
[White "Harikrishna,P"]
[Black "Sandipan,C"]
[Result "1/2-1/2"]
[WhiteElo "2500"]
[BlackElo "2446"]

1.d4 Nf6 2.Nf3 e6 3.c4 b6 4.a3 Ba6 5.Qc2 Bb7 6.Nc3 c5 7.dxc5 bxc5 8.Bf4 Be7
9.Rd1 O-O 10.e3 d6 11.Be2 Qb6 12.O-O Nbd7 13.Rd2 Rfd8 14.Rfd1 Nf8 15.Ng5 Rac8
16.Bf3 Bxf3 17.Nxf3 h6 18.h3 a6 19.Bg3 Ng6 20.e4 Nh5 21.Bh2 Nhf4 22.Bxf4 Nxf4
23.e5 Ng6 24.exd6 Bxd6 25.Ne4 Be7 26.Rxd8+ Rxd8 27.Rxd8+ Qxd8 28.Qd2 Qc7
29.Nc3 f5 30.Ne2 Kf7 31.Nc1 Bd6 32.Qc2 Qc6 33.h4 Qe4 34.Qxe4 fxe4 35.Nd2 Bf4
36.Ncb3 e3 37.fxe3 Bxe3+ 38.Kf1 Nxh4 39.Ne4 Bd4 40.Nexc5 Bxb2 41.a4 Nf5 42.Ke2 Nd4+
43.Nxd4 Bxd4 44.Nxa6 Ke7 45.Nb4 Kd6 46.Nd3 h5 47.Nf4 h4 48.Kd3 Bb6 49.Ng6 Bd8
50.Kd4 Bb6+ 51.Ke4 Bd8 52.Kd3 Kc6 53.Kd4 Bb6+ 54.Kc3 Ba5+ 55.Kd3 Bd8 56.Nf4 Kd7
57.Ke4 g5 58.Nd3 Bc7 59.Kf3 Kd6 60.Kg4 Bd8 61.a5 Bxa5 62.Kxg5 Bd8+ 63.Kg4 Be7
64.Kf4 Bd8 65.Ke4 Bf6 66.Nf2 Be7 67.Ng4 Kc5 68.Kd3 Bf8 69.Nf6 Kd6 70.Ng4 Be7
71.Kd4 Bf8 72.Ne5 Bg7 73.c5+ Kc7 74.Ke4 Bf8 75.Nd3 Kc6 76.Ne5+ Kc7 77.Nd3 Kc6
78.Kd4 Kb5  1/2-1/2

[Event "MSO Ron Banwell mem"]
[Site "London ENG"]
[Date "2000.08.20"]
[Round "1"]
[White "Gormally,D"]
[Black "Gupta,A"]
[Result "1-0"]
[WhiteElo "2499"]
[BlackElo "2141"]

1.d4 Nf6 2.Nf3 e6 3.c4 b6 4.a3 Bb7 5.Nc3 Be7 6.d5 O-O 7.e4 d6 8.Bd3 a5 9.Nd4 Na6
10.dxe6 Nc5 11.exf7+ Rxf7 12.f3 Nfd7 13.Be2 Bf6 14.Be3 a4 15.Rb1 Be5 16.g3 Nf6
17.Nd5 c6 18.Nb4 Qc8 19.Ndc2 d5 20.f4 Bc7 21.e5 Nfe4 22.O-O Kh8 23.cxd5 cxd5
24.Nd4 Qf8 25.Bb5 Qc8 26.Kg2 Nb3 27.Bc6 Nxd4 28.Bxb7 Qxb7 29.Qxd4 Rd8 30.e6 Re7
31.f5 Bd6 32.Qxd5  1-0

[Event "Summer Festival Open"]
[Site "Lisbon POR"]
[Date "2000.08.23"]
[Round "3"]
[White "Mitkov,M"]
[Black "Horvath,Jo"]
[Result "1/2-1/2"]
[WhiteElo "2402"]
[BlackElo "2558"]

1.d4 Nf6 2.c4 e6 3.Nf3 b6 4.a3 Bb7 5.Nc3 d5 6.Bg5 Be7 7.Rc1 Nbd7 8.e3 O-O
9.cxd5 exd5 10.Bd3 c5 11.O-O Ne4 12.Bxe7 Qxe7 13.dxc5 bxc5 14.Qe2 Ndf6 15.h3 Rab8
16.Rfd1 Bc6 17.b4 Nxc3 18.Rxc3 Ba4 19.Ra1 Ne4 20.Bxe4 dxe4 21.Ne1 cxb4 22.axb4 Rxb4
23.Nc2 Bxc2 24.Qxc2 g6 25.Rc7 Qf6 26.Qc3 Qxc3 27.Rxc3 Rfb8 28.Rxa7 Rb1+ 29.Kh2 R1b2
30.Kg3 R8b5 31.f4 exf3 32.gxf3 Rg5+ 33.Kf4 Rf5+ 34.Kg3 Rg5+ 35.Kf4 Rf5+ 36.Kg3  1/2-1/2

[Event "ch-FRA Pool A"]
[Site "Vichy FRA"]
[Date "2000.08.23"]
[Round "6"]
[White "Bacrot,E"]
[Black "Guidarelli,L"]
[Result "1-0"]
[WhiteElo "2613"]
[BlackElo "2297"]

1.d4 Nf6 2.c4 e6 3.Nf3 b6 4.a3 Bb7 5.Nc3 d5 6.Bg5 Be7 7.Qa4+ Qd7 8.Qxd7+ Nbxd7
9.Nb5 Kd8 10.cxd5 Nxd5 11.e4 N5f6 12.Bf4 Ne8 13.Bd3 c6 14.Nc3 h6 15.Rd1 Bd6
16.Be3 Ke7 17.O-O Rc8 18.Rfe1 Bb8 19.d5 Ne5 20.Nxe5 Bxe5 21.dxe6 fxe6 22.f4 Bxc3
23.bxc3 c5 24.e5 g6 25.Bxg6 Rg8 26.f5 exf5 27.Bxf5 Rxg2+ 28.Kf1 Rc7 29.Bf4  1-0

[Event "5th Paks Cup GM"]
[Site "Paks HUN"]
[Date "2000.08.25"]
[Round "7"]
[White "Lipinsky,F"]
[Black "Csom,I"]
[Result "1/2-1/2"]
[WhiteElo "2362"]
[BlackElo "2478"]

1.d4 Nf6 2.Nf3 e6 3.c4 b6 4.a3 Bb7 5.Nc3 Ne4 6.Nxe4 Bxe4 7.Nd2 Bb7 8.e4 Qf6
9.d5 c6 10.Bd3 Na6 11.O-O Nc5 12.Qe2 cxd5 13.cxd5 Nxd3 14.Qxd3 Be7 15.d6 Bd8
16.Re1 O-O 17.Nf3 e5 18.Bd2 Qe6 19.Bc3 Bf6 20.Nd2 Rfc8 21.Nf1 g6 22.Rad1 Bg7
23.Ne3 Rc6 24.Qd5 Rac8 25.Qxe6 dxe6 26.Rd2 Rd8 27.Red1 f6 28.a4 a5 29.d7 Kf7
30.Rd6 Bf8 31.Rxc6 Bxc6 32.Nc4 Bc5 33.Bxe5 Bxa4 34.Bc7 Rxd7 35.Rxd7+ Bxd7
36.Bxb6  1/2-1/2

[Event "chT-POL"]
[Site "Zakopane chT"]
[Date "2000.09.02"]
[Round "1"]
[White "Grobelny,A"]
[Black "Ksieski,Z"]
[Result "0-1"]
[WhiteElo "2244"]
[BlackElo "2377"]

1.d4 Nf6 2.c4 e6 3.Nf3 b6 4.a3 Ba6 5.Qc2 c5 6.d5 exd5 7.cxd5 g6 8.Nc3 Bg7
9.g3 O-O 10.Bg2 Re8 11.O-O b5 12.Qb3 d6 13.Re1 Qb6 14.Bf4 Nbd7 15.a4 b4 16.Nb5 Ne4
17.Bh3 Bc8 18.Rad1 a6 19.Bxd7 Bxd7 20.Na3 c4 21.Nxc4 Qxf2+ 22.Kh1 Bh3 23.Nh4 g5
24.Be3 Nxg3+ 25.hxg3 Qxg3 26.Rg1 Qxh4 27.Bf2 Qh5 28.Rg3 Bf5+ 29.Kg1 Be4 30.Rh3 Qg6  0-1

[Event "chT-POL"]
[Site "Zakopane chT"]
[Date "2000.09.02"]
[Round "1"]
[White "Palus,R"]
[Black "Grycel,K"]
[Result "1-0"]
[WhiteElo "2228"]
[BlackElo "2218"]

1.d4 Nf6 2.c4 e6 3.Nf3 b6 4.a3 Ba6 5.Qc2 Bb7 6.Nc3 c5 7.dxc5 bxc5 8.Bf4 Qb6
9.e3 Be7 10.Be2 O-O 11.O-O Nc6 12.Rfd1 Rac8 13.Rac1 Na5 14.Nd2 d6 15.Na4 Qc6
16.Bf3 d5 17.Be5 Ne4 18.Nxe4 dxe4 19.Be2 f6 20.Bc3 Qc7 21.Be1 Nc6 22.Bc3 Rfd8
23.Rxd8+ Rxd8 24.Rd1 Bd6 25.g3 Qe7 26.Rd2 Qc7 27.Qd1 Be7 28.Rxd8+ Nxd8 29.b4 cxb4
30.Bxb4 Nf7 31.Qd4 Ne5 32.Bxe7 Qxe7 33.Nc5 Nc6 34.Qd7 Qxc5 35.Qxb7 Ne7 36.Qxe4 Kf7
37.Qd3 f5 38.Qc3 Nc6 39.Qb3 Na5 40.Qb4 Qc7 41.Qb5 Nb7 42.Qb4 Nc5 43.Qd2 Qd7
44.Qxd7+ Nxd7 45.Kf1 Ke7 46.Ke1 Kd6 47.Kd2 Kc5 48.Kc3 Nb6 49.f4 Nc8 50.Bd3 h6
51.h4 Nb6 52.Kb3 Nd7 53.Be2 Nf6 54.Bf3 Nd7 55.g4 Nf6 56.gxf5 exf5 57.Kc3 a5
58.Kd3 h5 59.Bb7 Ng4 60.Bc8 Nf2+ 61.Kc2 Ng4 62.Kd2 Nh6 63.Kd3 g6 64.Be6 Ng4
65.Bf7 Nf2+ 66.Kc2 Ng4 67.Kd2 Nh6 68.Bxg6 Kxc4 69.a4 Kb4 70.Be8 Ng8 71.Kd3 Nf6  1-0

[Event "chT-POL"]
[Site "Zakopane chT"]
[Date "2000.09.03"]
[Round "2"]
[White "Wojcieszyn,J"]
[Black "Anuszkiewicz,K"]
[Result "1/2-1/2"]
[WhiteElo "2308"]
[BlackElo "2195"]

1.d4 Nf6 2.Nf3 e6 3.c4 b6 4.a3 Ba6 5.Qc2 Bb7 6.Nc3 c5 7.e4 cxd4 8.Nxd4 d6
9.Be2 Be7 10.O-O O-O 11.Rd1 Qc7 12.Be3 a6 13.Rac1 Nbd7 14.f4 Rfe8 15.Kh1 Rac8
16.b4 Bf8 17.Qb1 Qb8 18.Nb3 Qa8 19.Nd2 g6 20.Bf3 Red8 21.Qd3 Qb8 22.Rc2  1/2-1/2

[Event "Golombek Mem"]
[Site "Paignton ENG"]
[Date "2000.09.07"]
[Round "5"]
[White "Gormally,D"]
[Black "Turner,M"]
[Result "1/2-1/2"]
[WhiteElo "2499"]
[BlackElo "2491"]

1.d4 Nf6 2.Nf3 e6 3.c4 b6 4.a3 Ba6 5.Qc2 Bb7 6.Nc3 c5 7.e4 cxd4 8.Nxd4 Nc6
9.Nxc6 Bxc6 10.Be2 Qc7 11.f4 e5 12.f5 Bc5 13.Bf3 h6 14.Qd3 Qd6 15.Qe2 Rc8
16.Bd2 Bd4 17.Rd1 Qe7 18.g4 g6 19.fxg6 fxg6 20.h4 Kd8 21.b4 Kc7 22.Nd5+ Bxd5
23.exd5 Kd8 24.g5 hxg5 25.Bxg5 Rf8 26.Kf1 a5 27.Kg2 axb4 28.axb4 Qxb4 29.Rxd4 exd4
30.Qe5 Qe7 31.Qxd4 Qd6 32.Rb1 Ra8 33.Rxb6 Ra2+ 34.Kf1 Ra1+ 35.Qxa1 Qxb6 36.c5 Qxc5
37.Bxf6+ Kc7 38.Kg2 d6 39.Qb2 Qc4 40.Qc3 Qxc3 41.Bxc3 Kd7 42.Kg3 Ke7 43.Bd2 Ra8
44.Bg5+ Kf7 45.Bf4 Ra6 46.Be4 Kf6 47.Bg5+ Kf7 48.Bd2 Ra2 49.Bf4 Ra6 50.Kg4 Kf6
51.Bd2 Ra4 52.Kf4 Kf7 53.Be3 Rb4 54.Kf3 Rb3 55.Bc2 Rc3 56.Be4  1/2-1/2

[Event "Open"]
[Site "Cesenatico ITA"]
[Date "2000.09.08"]
[Round "7"]
[White "Lagrotteria,S"]
[Black "Ori,M"]
[Result "1-0"]
[WhiteElo "2201"]
[BlackElo "2060"]

1.d4 Nf6 2.c4 e6 3.Nf3 b6 4.a3 Bb7 5.Nc3 Ne4 6.Qc2 Nxc3 7.Qxc3 Be7 8.Bf4 O-O
9.Rd1 d6 10.Qc2 c5 11.e4 Qc7 12.Bd3 h6 13.O-O cxd4 14.Nxd4 a6 15.Be3 Nd7
16.f3 Rac8 17.Rc1 Ne5 18.Be2 Rfd8 19.Qd2 Rd7 20.f4 Nc6 21.Nb3 Rcd8 22.f5 Ne5
23.fxe6 fxe6 24.Bd4 Bf6 25.Rxf6 gxf6 26.Qxh6 Rh7 27.Qxf6 Bxe4 28.Rc3  1-0

[Event "zt 1.1"]
[Site "Mondariz ESP"]
[Date "2000.09.10"]
[Round "7"]
[White "Piket,Je"]
[Black "Chuchelov,V"]
[Result "1/2-1/2"]
[WhiteElo "2649"]
[BlackElo "2535"]

1.d4 Nf6 2.c4 e6 3.Nf3 b6 4.a3 Ba6 5.Qc2 Bb7 6.Nc3 c5 7.e4 cxd4 8.Nxd4 Nc6
9.Nxc6 Bxc6 10.e5 Ng8 11.Bf4 Ne7 12.Rd1 Qb8 13.Qd2 Ng6 14.Bg3 Nxe5 15.Be2 Be7
16.O-O O-O 17.b4 d6 18.f4 Ng6 19.f5 exf5 20.Rxf5 Qc8 21.Rf2 Ne5 22.c5 bxc5
23.bxc5 Qe6 24.Nd5 Bg5 25.Qxg5 Bxd5 26.cxd6 f6 27.Qe3 Rfd8 28.Bxe5 fxe5 29.Bg4 Qxg4
30.Rxd5 Rab8 31.h3 Qe6 32.Rfd2 e4 33.R2d4 Rd7 34.Qxe4 Qxe4 35.Rxe4 Rb6 36.Re7 Rdxd6
37.Rg5 Rg6 38.Rxg6 Rxg6 39.Rxa7 Rg3 40.Kf2 Rb3 41.h4 h5 42.Ra5 Kf7 43.Rf5+ Ke6
44.Rf3 Rb2+ 45.Kg3 Ke5 46.Kh3 Rb1 47.Rc3 Ra1 48.Rc5+ Kf6 49.Ra5 g6 50.Ra6+ Kf5
51.Ra8 Ke5 52.Kg3 Rc1 53.Re8+ Kf5 54.Rf8+ Ke5 55.Rf2 Ra1 56.Rf3 Rb1 57.Rc3 Ra1
58.Rb3 Kf5 59.Rb5+ Kf6 60.Ra5 Rc1 61.a4 Rc3+ 62.Kh2 Ra3 63.Ra7 Ke6 64.Ra8 Kf7
65.a5 Kg7 66.a6 Kh7 67.Kg1 Ra2 68.Kf1 Kg7 69.g3 Ra3 70.Kf2 Kh7 71.a7 Kg7
72.Ke2 Ra1 73.Kd3 Ra2 74.Kc3 Ra1 75.Kb2 Ra5 76.Kb3 Ra1 77.Kb2 Ra5 78.Kb3 Ra1  1/2-1/2

[Event "chT-POL"]
[Site "Zakopane chT"]
[Date "2000.09.10"]
[Round "8"]
[White "Staniszewski,Pi"]
[Black "Rozentalis,E"]
[Result "1-0"]
[WhiteElo "2434"]
[BlackElo "2570"]

1.d4 Nf6 2.c4 e6 3.Nf3 b6 4.a3 Bb7 5.Nc3 d5 6.cxd5 exd5 7.g3 Bd6 8.Bf4 Bxf4
9.gxf4 Ne4 10.Qa4+ Qd7 11.Qxd7+ Nxd7 12.Rc1 c5 13.dxc5 Ndxc5 14.Nb5 O-O 15.Bh3 Ne6
16.e3 Ba6 17.Nfd4 Nxd4 18.Nxd4 Rfe8 19.Bd7 Re7 20.Bb5 Bxb5 21.Nxb5 Nc5 22.Ke2 Ne6
23.Kf3 a6 24.Nc3 Rd8 25.Na4 b5 26.Nc5 Nxc5 27.Rxc5 Red7 28.Rc6 Rd6 29.Rhc1 f5
30.Ke2 Kf7 31.Kd3 d4 32.Rxd6 Rxd6 33.Rc7+ Kf6 34.exd4 h6 35.Rc5 g5 36.d5 Rd8
37.Rc6+ Kf7 38.Kd4 Re8 39.Rxa6 gxf4 40.Re6 Rh8  1-0

[Event "Najdorf Final KO"]
[Site "Buenos Aires ARG"]
[Date "2000.09.12"]
[Round "2.2"]
[White "Leitao,R"]
[Black "Contin,D"]
[Result "1-0"]
[WhiteElo "2567"]
[BlackElo "2406"]

1.d4 Nf6 2.c4 e6 3.Nf3 b6 4.a3 Bb7 5.Nc3 d5 6.Bg5 dxc4 7.e3 c5 8.Bxc4 cxd4
9.Nxd4 a6 10.O-O Nbd7 11.Qe2 b5 12.Ba2 Qb6 13.Rfd1 Be7 14.Rac1 Rc8 15.e4 Rxc3
16.Rxc3 Nxe4 17.Bxe7 Nxc3 18.bxc3 Kxe7 19.Nf5+ Kd8 20.Qd2 Qc6 21.Qg5+ Kc7
22.Qg3+ e5 23.Bxf7 Qf6 24.Nd6 Nc5 25.Qe3 Qxd6 26.Rxd6 Kxd6 27.f4 exf4 28.Qd4+ Kc6
29.Bd5+  1-0

[Event "zt 1.1"]
[Site "Mondariz ESP"]
[Date "2000.09.12"]
[Round "9"]
[White "Moreno,J"]
[Black "Emms,J"]
[Result "0-1"]
[WhiteElo "2515"]
[BlackElo "2527"]

1.d4 Nf6 2.Nf3 e6 3.c4 b6 4.a3 Ba6 5.Qc2 c5 6.d5 exd5 7.cxd5 g6 8.Nc3 Bg7
9.g3 O-O 10.Bg2 d6 11.O-O Re8 12.Re1 b5 13.e4 Nbd7 14.Bf4 Qb6 15.h3 Rac8
16.Be3 Qb7 17.Bf1 Nb8 18.Bf4 b4 19.Nd1 b3 20.Qb1 Bxf1 21.Kxf1 Qa6+ 22.Kg2 Nbd7
23.Nc3 c4 24.Be3 Nc5 25.Bxc5 Rxc5 26.Re3 Nd7 27.Qf1 Nb6 28.Rae1 Na4 29.Nxa4 Qxa4
30.e5 Rxd5 31.Re4 dxe5 32.Rxc4 Qd7 33.Re3 f5 34.Rxb3 e4 35.Ne1 Rd2 36.Rc2 h5
37.Qc4+ Kh7 38.Rxd2 Qxd2 39.Nc2 h4 40.gxh4 f4 41.h5 f3+ 42.Kf1 Qc1+  0-1

[Event "Najdorf Final KO"]
[Site "Buenos Aires ARG"]
[Date "2000.09.14"]
[Round "3.2"]
[White "Garcia Palermo,C"]
[Black "Leitao,R"]
[Result "0-1"]
[WhiteElo "2470"]
[BlackElo "2567"]

1.d4 Nf6 2.c4 e6 3.Nf3 b6 4.a3 c5 5.Bg5 h6 6.Bxf6 Qxf6 7.Nc3 cxd4 8.Nb5 Qd8
9.Qxd4 a6 10.Nd6+ Bxd6 11.Qxd6 Nc6 12.e4 Qe7 13.e5 Qxd6 14.exd6 Bb7 15.Bd3 O-O
16.b4 f6 17.Kd2 a5 18.c5 axb4 19.axb4 Nxb4 20.cxb6 Bxf3 21.gxf3 Rab8 22.Rhb1 Rxb6
23.Ra7 Rd8 24.Ke2 f5 25.h4 Kf7 26.Bc4 g5 27.hxg5 hxg5  0-1

[Event "Nordic Net Club Cup"]
[Site "Internet ICC"]
[Date "2000.09.16"]
[Round "1"]
[White "Borchgrevink,H"]
[Black "Hansen,He"]
[Result "0-1"]
[WhiteElo "2175"]
[BlackElo "2047"]

1.d4 Nf6 2.c4 e6 3.Nf3 b6 4.a3 Bb7 5.Nc3 d5 6.cxd5 Nxd5 7.Qc2 Nxc3 8.bxc3 Be7
9.e4 O-O 10.c4 Nd7 11.Be2 f5 12.exf5 Rxf5 13.O-O Qf8 14.Bb2 c5 15.Rad1 cxd4
16.Nxd4 Rg5 17.f3 Nc5 18.Bc1 Rg6 19.Be3 Bd6 20.Nb5 Be5 21.Nc3 Qf6 22.Bxc5 bxc5
23.Ne4 Qh4 24.g3 Bxe4 25.Qxe4 Rxg3+ 26.Kh1 Rg1+  0-1

[Event "Terence Chapman Match"]
[Site "London ENG"]
[Date "2000.09.16"]
[Round "3"]
[White "Pert,N"]
[Black "Chandler,M"]
[Result "1-0"]
[WhiteElo "2455"]
[BlackElo "2526"]

1.d4 Nf6 2.Nf3 e6 3.c4 b6 4.a3 Ba6 5.Qc2 Bb7 6.Nc3 c5 7.e4 cxd4 8.Nxd4 Nc6
9.Nxc6 Bxc6 10.Be2 Qc7 11.f4 Bc5 12.b4 Bd4 13.e5 Bxc3+ 14.Qxc3 Ne4 15.Qe3 O-O
16.O-O f6 17.exf6 Nxf6 18.Bb2 Qb7 19.Qg3 Be4 20.Rad1 Rac8 21.Rd6 Rf7 22.f5 Rcf8
23.fxe6 dxe6 24.Bxf6 Rxf6 25.Rxf6 Rxf6 26.Qe5 Qe7 27.Bg4 Kf7 28.c5 bxc5 29.bxc5 Bb7
30.c6 Bc8 31.h3 g6 32.Rd3 h5 33.Bf3 Rf5 34.Qh8 Qc5+ 35.Kh1 Re5 36.Rd1 Qa5
37.Qxc8 Re1+ 38.Rxe1 Qxe1+ 39.Kh2 Qe5+ 40.g3 h4 41.Qd7+  1-0

[Event "Terence Chapman Match"]
[Site "London ENG"]
[Date "2000.09.18"]
[Round "5"]
[White "Pert,N"]
[Black "Chandler,M"]
[Result "1-0"]
[WhiteElo "2455"]
[BlackElo "2526"]

1.d4 Nf6 2.Nf3 e6 3.c4 b6 4.a3 Ba6 5.Qc2 Bb7 6.Nc3 c5 7.e4 cxd4 8.Nxd4 Nc6
9.Nxc6 Bxc6 10.e5 Ng4 11.Qe2 f5 12.h3 Qh4 13.g3 Qh5 14.Rg1 Bc5 15.Be3 g6
16.hxg4 fxg4 17.Bxc5 bxc5 18.Bg2 Bxg2 19.Rxg2 O-O 20.O-O-O Rf3 21.Rgg1 Qf5
22.Qc2 Rxf2 23.Qxf5 gxf5 24.Rxd7 Rb8 25.Nd1 Rh2 26.Rd2 Rxd2 27.Kxd2 Rb3 28.Kc2 Rf3
29.b4 Rxa3 30.bxc5 Ra5 31.Kc3 Rxc5 32.Kd4 Rc8 33.c5 h5 34.Nb2 f4 35.gxf4 Kg7
36.Nc4 Kg6 37.Nd6 Rc6 38.Re1 g3 39.f5+ Kg5 40.f6 Kg6 41.f7 Kg7 42.Re3 h4
43.Re4  1-0